00767nam a2200193 u 450000100100000000500170001000800410002702000180006804000250008608200150011110000400012624500290016626000380019530000210023350000700025495201130032495201190043799900170055600003462320200930073813.0111010s2008 cl 000 0 spa d a9789583001093 aDO-SdBNPbspacBNPHU axxxxbxxxx1 aDarío, Rubén,d1867-191691553510aAzul /cRubén Darío. aBogotá, :bPanamericana,c2008. a120 p. ;c21 cm. aIncluye datos biográficos del autor en la solapa de la cubierta 001050718MOaGRbGRcHDd2011-10-10iLF1l0oxxxx xxxxp34623-10r2020-06-25w2020-06-25y1ZNo se presta 001050718MOaGRbGRcCTd2012-01-17iLF1l0oxxxx xxxxp34623-20r2020-06-25te. 2w2020-06-25y1ZNo se presta c34114d34114